000 01001nas a2200325 4500
001 BR2012008383
003 BR-BrBNA
005 20231205121407.0
007 ta
008 230509b bl.|||p| |||| 00| 00por d
040 _aBR-BrBNA
_bpor
_cBiblioteca Nacional de Agricultura
041 _a(En)
072 _aF01
100 1 _aSantos, M.S.
100 1 _aJezler, C.N.
100 1 _aOliveira, A.R.M.F. de
100 1 _aOliveira, R.A.
100 1 _aMielke, M.S.
100 1 _aCosta, L.C.B.
245 1 _aHarvest time and plant age on the content and chemical composition of the essential oil of Alpinia zerumbet
650 _aBASTÃO DO IMPERADOR
650 _aZINGIBERACEAE
650 _aCOLHEITA
650 _aPLANTA MEDICINAL
650 _aCOMPOSIÇÃO QUÍMICA
650 _aÓLEO ESSENCIAL
773 0 _tHorticultura Brasileira (Brazil)
_xISSN 0102-0536
_g(Jul-Sep 2012), v. 30(3) p. 385-390
_wBR2012008383
909 _a202311
_bLúcia
_c55
_dLúcia Elande
942 _2AGRIS
_n0
_cANA
999 _c223344
_d223344